[Event "POL-ch 59th"]
[Site "Warsaw"]
[Date "2002.05.02"]
[Round "4"]
[White "Bobras, Piotr"]
[Black "Krasenkow, Michal"]
[Result "0-1"]
[WhiteElo "2435"]
[BlackElo "2641"]
[Annotator "Avrukh,B"]
[PlyCount "44"]
[EventDate "2002.04.29"]
[EventType "tourn"]
[EventRounds "13"]
[EventCountry "POL"]
[EventCategory "10"]
[SourceTitle "CBM 089"]
[Source "ChessBase"]
[SourceDate "2002.08.12"]
[SourceVersion "1"]
[SourceVersionDate "2002.08.12"]
[SourceQuality "1"]

1. e4 d6 2. d4 g6 3. Nc3 Bg7 4. Nf3 Nf6 5. h3 O-O 6. Be3 c6 (6... a6 {is in my
opinion a more promising line for black.}) 7. Qd2 b5 8. Bd3 Bb7 9. Bh6 (9. a3
Nbd7 10. e5 dxe5 (10... Ne8 $142 11. Bh6 c5 $132) 11. dxe5 Nd5 12. Nxd5 cxd5
13. Bd4 {1-0 Mainka,R-Schoeneich,M/BL9394 1994/GER-chT (41) with clearly
better position for white}) 9... b4 {Of course, Krasenkow improves his last
game in this variation, where he played doubtful:} (9... Na6 $6 10. e5 dxe5 11.
dxe5 Nd7 12. Bxg7 Kxg7 13. h4 Ndc5 14. h5 Rh8 15. O-O-O $16 {1-0 Kekelidze,
M-Krasenkow,M/Germany 2001/CBM 82 ext (56)}) 10. Ne2 $1 $146 {Good novelty,
white still waits with exchanging on g7 and in some variations it will be in
white's favour.} (10. Bxg7 Kxg7 11. e5 $6 (11. Ne2 $142) 11... bxc3 {Another
good alternative was:} (11... dxe5 12. dxe5 bxc3 13. exf6+ exf6 14. Qxc3 Re8+ {
Also good for black}) 12. exf6+ exf6 13. Qxc3 Re8+ 14. Kf1 Na6 15. Kg1 c5 $36 {
[%csl Rg1] 0-1 Gligoric,S-Tseshkovsky,V/Moscow 1999/CBM 72/[Kaspi,A] (26)})
10... c5 11. Ng3 (11. Bxg7 {interesting} Kxg7 12. e5 Nfd7 $1 (12... dxe5 13.
dxe5 Nfd7 14. Qe3 $1 {with good attacking prospects} (14. e6 $143 Bxf3 15. gxf3
Ne5 16. Be4 Qxd2+ 17. Kxd2 Nbc6 {and black is ok}) (14. Qf4 Qc7 {[%cal Gc7f4]})
) 13. exd6 (13. e6 $6 fxe6 (13... Bxf3 $140 14. gxf3 fxe6 15. Nf4 Rf6 16. Rg1
$40 {[%cal Gf4h5]}) 14. Ng5 Rf6 15. Nf4 Qg8 $17 {[%cal Ge6e5]}) 13... exd6 14.
dxc5 dxc5 15. O-O-O $14 {[%cal Gh3h4,Gh4h5] With very promising position for
white}) 11... d5 12. e5 (12. Nf5 $2 gxf5 13. Qg5 Ne8 $19) (12. Bxg7 $143 Kxg7
13. dxc5 (13. e5 Ne4 14. Qf4 f5 $1) 13... dxe4 14. Qxb4 exd3 15. Qxb7 Nbd7 16.
b4 (16. c6 $2 Qa5+ {[%cal Gf8b8]} 17. b4 $8 Qa3 {[%cal Ga3c3]} 18. O-O Rab8 19.
Qc7 Rfc8 20. Qf4 Rxc6 21. cxd3 Rxb4 $17) 16... dxc2 17. O-O (17. Qa6 Rb8 18. a3
Nxc5) 17... Rb8 18. Qxa7 Rxb4 $144 $11) 12... Ne4 13. Bxe4 $2 (13. Qf4 $1 Nxg3
(13... f5 14. Nh5 Bxh6 15. Qxh6 gxh5 16. Bxe4 dxe4 17. Ng5 Rf7 18. Nxf7 Kxf7
19. Qxh7+ $18) 14. Bxg7 Kxg7 (14... Nxh1 15. Qh6 {[%cal Gf3g5]} f6 16. Bxg6
hxg6 17. e6 {[%cal Gh6h8]}) 15. Qxg3 c4 (15... cxd4 16. h4 $40 (16. Nxd4 Nc6))
16. Be2 $14) 13... dxe4 14. Nf5 $2 {At first sight it looks like a nice blow,
but in fact after this move white gets a bad position.} (14. Bxg7 Kxg7 15. Ng5
Qxd4 16. Qxd4 cxd4 17. N5xe4 Bd5 $1 $15 {[%cal Gb8c6]}) 14... exf3 (14... gxf5
$2 15. Qg5) 15. Bxg7 fxg2 16. Rg1 Be4 17. Qh6 $2 {This move already loses the
game.} (17. Bxf8 $142 Bxf5 (17... Qxf8 18. Ng3 Bb7 19. d5) 18. Bh6 cxd4 (18...
Nc6 19. dxc5 Qa5 $44) 19. Qxb4 Nc6 20. Qc5 Rc8 $36 21. Rxg2 $140 a5 $1 {
[%cal Gc6b4]}) 17... Bxf5 18. O-O-O Nc6 $19 (18... Re8 19. dxc5 Qc7 20. Bf6)
19. dxc5 Nd4 20. Rd2 (20. Bxf8 Ne2+ 21. Kb1 Qxf8 22. Qxf8+ Kxf8 23. Rxg2 Rc8 {
[%csl Rc2][%cal Gc8c5]}) 20... Re8 21. Rxg2 Qd5 22. Rg1 Qxc5 0-1

[Event "GER-ch 70th"]
[Site "Bremen"]
[Date "1998.11.09"]
[Round "4"]
[White "Luther, Thomas"]
[Black "Schmaltz, Roland"]
[Result "1-0"]
[WhiteElo "2560"]
[BlackElo "2520"]
[Annotator "Baburin,A"]
[PlyCount "95"]
[EventDate "1998.11.06"]
[EventType "swiss"]
[EventRounds "9"]
[EventCountry "GER"]
[SourceTitle "CBM 068"]
[Source "ChessBase"]
[SourceDate "1999.02.01"]
[SourceVersion "1"]
[SourceVersionDate "1999.02.01"]
[SourceQuality "1"]

1. e4 {Hecht} d6 2. d4 Nf6 3. Nc3 g6 4. Nf3 Bg7 5. Be2 O-O 6. O-O c6 7. Re1
Nbd7 8. e5 Ne8 9. Bf4 dxe5 10. dxe5 Nc7 11. Qc1 Ne6 12. Bh6 Qb6 13. Bxg7 Kxg7
14. a4 a5 15. Bc4 Nd4 16. Nxd4 Qxd4 {[%mdl 128]} 17. Re4 Qc5 18. Rh4 $1 {
Black's pieces are far away from the kingside, so it's logical for White to
attack exactly there.} h5 19. Rxh5 $1 gxh5 20. Qg5+ Kh8 21. Qh6+ Kg8 22. Qg6+
Kh8 23. Qh6+ Kg8 24. Qg5+ Kh8 25. Qxh5+ Kg7 26. Qg5+ Kh8 27. Qh6+ Kg8 28. Qg6+
Kh8 29. Qh6+ Kg8 30. Qg6+ Kh8 31. Qh5+ Kg7 32. Qg5+ Kh8 33. Re1 $1 {White was
gaining time, but now he starts to take care of business. While the first rook
lift helped White to strip off the enemy king, the shift of the other rook
lift is designed to finish the black monarch off.} Qxc4 34. Qh5+ Kg7 35. Qg5+
Kh8 36. Qh5+ Kg7 37. Qg5+ Kh8 38. Re3 Qe6 39. Qh4+ Kg7 40. Rg3+ Qg6 41. Qxe7
Qxg3 42. hxg3 {Formally Black has material parity, but his pieces are useless
and cannot safe their king. Hecht: '[#] Angriff!'} c5 {'?' Hecht.} (42... Nxe5
$142 {Hecht} 43. Qxe5+ f6 44. Qf4 Be6 45. g4 $36 {[%cal Rg4g5,Rc3e4]}) 43. Qg5+
Kh7 44. Qh5+ Kg7 45. Qg5+ Kh7 46. Ne4 Rg8 47. Qh5+ Kg7 48. Nd6 {'!' Hecht.} (
48. Nd6 {Hecht} Nxe5 (48... Rf8 {Hecht} 49. Qg5+ Kh7 50. Nf5 Rg8 51. Qh6#) 49.
Qxe5+ f6 50. Qe7+ Kh8 51. Qxf6+ Kh7 52. Nf7 Rg7 53. Ng5+ Kh8 54. Qf8+ Rg8 55.
Qh6#) 1-0

[Event "YUG-chT"]
[Site "Cetinje"]
[Date "1993.??.??"]
[Round "3"]
[White "Simic, Radoslav"]
[Black "Tseshkovsky, Vitaly"]
[Result "1/2-1/2"]
[WhiteElo "2455"]
[BlackElo "2540"]
[Annotator "Belov,I"]
[PlyCount "120"]
[EventDate "1993.??.??"]
[EventType "team"]
[EventRounds "11"]
[EventCountry "YUG"]
[SourceTitle "CBM 038"]
[Source "ChessBase"]
[SourceDate "1994.02.01"]
[SourceVersion "1"]
[SourceVersionDate "1994.02.01"]
[SourceQuality "1"]

1. Nf3 g6 2. e4 Bg7 3. d4 d6 4. Nc3 Nf6 5. h3 O-O 6. Be3 c6 7. a4 a5 (7... Nbd7
8. a5 d5 (8... e5 $6 9. dxe5 dxe5 10. Qd6 $1 Re8 11. Bc4 Qe7 12. Qxe7 Rxe7 13.
O-O $14 {Nunn,J-Todorcevic,M Szirak 1987 Inf 44/144/}) 9. e5 Ne8 10. Be2 (10.
h4 $5) 10... f6 11. exf6 exf6 12. O-O Rf7 13. Bd3 Nf8 $10 {Spraggett,
K-Kindermann,S Lugano 1988 Inf 45/130/}) (7... Qa5 8. Nd2 Qc7 9. a5 e5 10. dxe5
dxe5 11. Nc4 Rd8 12. Qb1 $1 Nbd7 13. Be2 Nf8 14. O-O Ne6 $10 {Tseitlin,
Mik-Belov,I Voskresensk 1990 Inf 50/137/}) 8. Be2 (8. Qd2 $5 Na6 9. Rd1 Qc7 10.
Be2 e5 11. dxe5 dxe5 12. Bc4 Nh5 13. O-O Nf4 $6 14. Bxf4 exf4 15. Rfe1 Be5 16.
Nxe5 Qxe5 17. Qd6 $16 {Benjamin,J-Gulko,B USA 1987 Inf 45/130/}) 8... Na6 9.
O-O Nb4 10. Nd2 Ne8 $5 $146 (10... d5 11. e5 Ne8 12. Ncb1 (12. Na2 Nxa2 13.
Rxa2 f6 14. f4 fxe5 15. fxe5 Rxf1+ 16. Bxf1 $14 {Speelman,J-Mokry,K Dubai 1986/
}) 12... c5 $6 13. dxc5 Bxe5 14. Nc4 Bc7 15. Nb6 Bxb6 16. cxb6 Bf5 17. Na3 Rc8
18. c3 Nc6 19. Nb5 $16 {Cvitan,O-Arapovic,V Sarajevo 1988 Inf 45/130/}) (10...
e5 11. dxe5 (11. Nc4 d5 12. dxe5 Nxe4 $1 13. Nxe4 dxe4 14. Bc5 Qg5 $1 15. Qc1
Qh4 16. Bxf8 Kxf8 $44 {Kuczynski,R-Sznapik,A Polska 1987 Inf 44/150/}) 11...
dxe5 12. Ncb1 $14) 11. Ncb1 (11. f4 $5 f5 12. e5 Nc7 13. Nf3 Kh8 $13) 11... f5
$10 12. f3 (12. c3 f4 13. cxb4 fxe3 14. fxe3 axb4 $15) 12... Kh8 13. c3 Na6 14.
Na3 Nf6 15. Qe1 Nc7 16. Qh4 (16. Bd3 $5) 16... Ne6 17. exf5 gxf5 18. Bh6 Bxh6
19. Qxh6 Nd5 $15 20. Bc4 (20. Nac4 Nef4 21. Rf2 Rg8 $17) 20... Rf6 21. Qh4 f4 (
21... Qg8 $5 22. Kh1 Bd7 23. Rae1 Qg7 {/\Rg6,Rg8-/+/}) 22. Ne4 Rg6 23. Bxd5 $8
cxd5 24. Nf2 Qf8 25. Ng4 Ng7 (25... Bd7 $5 26. Nb5 Qg7) 26. Nh6 $8 Bd7 27. Nb5
Nf5 28. Nxf5 Qxf5 29. Rf2 (29. Qxe7 $2 Rxg2+ 30. Kxg2 Qxh3+ 31. Kf2 Qh2+ 32.
Ke1 Re8 $19) 29... Rag8 30. Re1 (30. Nc7) 30... Rg5 (30... Bxb5 31. axb5 Rg5 (
31... e6 $17)) 31. Rxe7 $1 $8 Rh5 32. Qxh5 Qxh5 33. Rxd7 $13 Qe8 34. Rxb7 Qe1+
35. Rf1 Qd2 36. Rf2 Qc1+ 37. Rf1 (37. Kh2 Qe1) 37... Qxb2 38. Rf2 Qb1+ 39. Rf1
Qa2 40. Rf2 Qb1+ (40... Qxa4 41. Nxd6 Qd1+ 42. Kh2 Rf8 43. Nf7+ Kg8 44. Nh6+
$10) 41. Rf1 Qc2 42. Rf2 Qc1+ 43. Rf1 Qc2 44. Rf2 Qd1+ 45. Rf1 Qe2 46. Rf2 Qe6
$5 47. Rb6 Rg6 48. Nxd6 Qe1+ 49. Rf1 Qxc3 $15 50. Rb8+ Rg8 51. Nf7+ Kg7 52. Rb7
Qxd4+ 53. Kh2 Kf6 54. Rfb1 Rg7 55. R1b6+ Qxb6 56. Rxb6+ Kxf7 57. Kg1 Rg5 58.
Rb5 Ke6 59. Rxa5 Rg7 60. Ra8 d4 1/2-1/2

[Event "Moscow"]
[Site "Moscow"]
[Date "1981.04.??"]
[Round "12"]
[White "Geller, Efim P"]
[Black "Balashov, Yuri S"]
[Result "0-1"]
[WhiteElo "2615"]
[BlackElo "2600"]
[Annotator "Belov,I"]
[PlyCount "116"]
[EventDate "1981.04.08"]
[EventType "tourn"]
[EventRounds "13"]
[EventCountry "URS"]
[EventCategory "15"]
[SourceTitle "MCL"]
[Source "ChessBase"]
[SourceDate "1999.07.01"]
[SourceVersion "1"]
[SourceVersionDate "1999.07.01"]
[SourceQuality "1"]

1. e4 d6 2. d4 Nf6 3. Nc3 g6 4. Nf3 Bg7 5. Be2 O-O 6. O-O Bg4 7. Be3 Nc6 8. Ne1
$6 (8. d5 Bxf3 9. Bxf3 Ne5 10. Be2 c6 11. a4 $14) (8. Qd2 e5 9. d5 Ne7 10. Rad1
$14) 8... Bxe2 9. Qxe2 e5 10. dxe5 (10. d5 Nd4 11. Qd2 (11. Bxd4 exd4 12. Nb5
Re8 $17) 11... Re8 12. f3 c5 $15) 10... Nxe5 (10... dxe5 11. Rd1 Nd4 12. Qc4
Ne8 13. Nb5 $14) 11. Rd1 Re8 12. Nd3 (12. f4 $6 Ned7 13. Qf3 Qe7 $17) 12... Nc4
13. Bg5 (13. Bc1 $6 d5 14. Nf4 c6 $17) 13... h6 14. Bh4 Qc8 15. h3 c6 {/\ d5/}
16. b3 (16. f4 $6 Nxe4 17. Nxe4 d5 18. Ndf2 f5 $17) 16... Nb6 17. Rde1 $6 (17.
Qf3 $5 Ng4 18. Nb1 $10) 17... g5 18. Bg3 Nbd5 $1 19. Nxd5 $8 cxd5 20. e5 (20.
Bxd6 Nxe4 21. Bb4 a5 $17) 20... Ne4 (20... dxe5 $1 21. Nxe5 Nd7 22. f4 gxf4 $19
) 21. exd6 Nxd6 22. Qd1 Ne4 $15 23. Bh2 Qc3 24. Kh1 (24. f3 Nd2 25. Rxe8+ Rxe8
26. Re1) 24... Rac8 25. f3 Nf6 26. Rxe8+ Rxe8 27. f4 $6 (27. Re1 $142 Rc8 28.
Re2) 27... Ne4 28. fxg5 hxg5 29. h4 gxh4 30. Qh5 $6 (30. Qg4 $142 Nf6 31. Qa4
Qc6 $17) 30... Nf6 31. Qxh4 Qxc2 $17 32. Qh3 (32. Ne5 Qxa2 33. Rxf6 Qa1+ 34.
Bg1 Qxe5 $19) (32. Nb4 Qe4 33. Rf4 Qe1+ $19) 32... Qc8 (32... Qxa2 33. Be5 $132
) 33. Qxc8 (33. Qf3 Qg4) 33... Rxc8 34. Be5 Ne4 35. Rf5 Rc2 $1 36. Kh2 (36.
Bxg7 $2 Ng3+) 36... Rxa2 37. Bxg7 Kxg7 38. Rxd5 Rd2 $1 39. b4 (39. Kh3 $2 Rxd3+
$1) 39... Nc3 40. Rg5+ (40. Rd7 b6 $19 {/\ a5/}) 40... Kf6 41. Rg3 Ne4 42. Rf3+
Ke6 43. Nf4+ Ke5 44. Nd3+ Kd5 45. Rf5+ Ke6 46. Re5+ (46. Rf3 b6) 46... Kd6 47.
Rxe4 Rxd3 48. g4 f6 49. Kg2 a6 50. Kf2 b5 $19 51. Ke2 Rc3 {/\ Rc4/} 52. g5 fxg5
53. Rg4 Kd5 $1 (53... Rc4 54. Rxg5 Rxb4 55. Rg6+) 54. Kd2 Rc6 55. Rxg5+ Kc4 56.
Rg4+ Kb3 57. Rh4 Rc4 58. Rh6 Rc2+ (58... Rc2+ 59. Kd3 Ra2 60. Rh4 Ra4) 0-1

[Event "Nathanya"]
[Site "Nathanya"]
[Date "1983.04.??"]
[Round "6"]
[White "Liberzon, Vladimir Mikhailovi"]
[Black "Quinteros, Miguel Angel"]
[Result "1-0"]
[WhiteElo "2470"]
[BlackElo "2515"]
[Annotator "Belov,I"]
[PlyCount "107"]
[EventDate "1983.04.??"]
[EventType "tourn"]
[EventRounds "9"]
[EventCountry "ISR"]
[EventCategory "9"]
[SourceTitle "MCL"]
[Source "ChessBase"]
[SourceDate "1999.07.01"]
[SourceVersion "1"]
[SourceVersionDate "1999.07.01"]
[SourceQuality "1"]

1. e4 d6 2. d4 Nf6 3. Nc3 g6 4. Be2 Bg7 5. Nf3 O-O 6. O-O Bg4 7. Be3 Nc6 8. Qd2
e5 9. d5 Ne7 10. Rad1 b5 (10... Bd7 $142 11. Ne1 b5 12. a3 a5 13. b4 axb4 14.
axb4 Ra3 15. Bg5 Rxc3 16. Bxf6 Ra3 17. Bxg7 Kxg7 18. f4 f6 19. Nf3 Qb8 $10 {
Brunner,L-Fioramonti,H/SWZ/1992/1:0/56/}) 11. a3 (11. Bxb5 Nxe4 (11... Bxf3 12.
gxf3 Nh5 13. Kh1 Qc8 14. Rg1 Qh3 15. Be2 f5 16. Qd3 $16) 12. Nxe4 f5 13. Neg5
f4 14. Bc5 dxc5 15. Bc4 $16) 11... a5 (11... Bd7 $142) 12. Bxb5 $1 (12. b4 axb4
13. axb4 Ra3 14. Bg5 Rxc3 15. Bxf6 Bxf3 16. Bxf3 Ra3 $10 {Karpov,
An-Azmaiparashvili,Z/URS-ch/1983/0:1/141/}) 12... Bxf3 (12... Nxe4 13. Nxe4 f5
14. Neg5 f4 15. Bc5 $16) 13. gxf3 Nh5 14. Kh1 f5 15. Qe1 (15. Bg5 Bf6 16. Rg1
Bxg5 17. Qxg5 Nf4 $146) (15. Qd3 $5) 15... Nf4 16. Rg1 (16. Ne2 Nh3 $1 17. Ng1
Nf4) 16... h6 $6 (16... Kh8 $142) 17. Bxf4 $1 exf4 18. exf5 $16 g5 (18... Rxf5
$6 19. Qe6+ Kh8 20. Rde1 $16) 19. Bd3 (19. Qe6+ Kh8 20. Rde1 Ng8) 19... Kh8 20.
f6 (20. h4 $5) 20... Rxf6 21. Qe4 Nf5 22. Nb5 Rf7 23. c3 $6 (23. Qc4 $142 Qf6
24. c3 $16) 23... Be5 $1 24. Qc4 Qf6 $14 25. Bxf5 Qxf5 26. Nd4 Qh3 $1 27. Qf1
Qh5 28. Qe2 a4 29. Nc6 Re8 30. Rd4 $1 Rff8 31. Re4 Bf6 32. Re6 (32. Re1 $5 Rxe4
33. Qxe4 $16) 32... Rxe6 33. dxe6 Re8 $6 (33... Qh3 $142) 34. Kg2 $1 g4 $6 (
34... Qg6 35. Re1 Qf5 $16) 35. fxg4 Qd5+ 36. Qf3 Qxe6 37. Qxf4 $18 Bg5 38. Qf3
Qb3 39. Nd4 $8 Qxb2 40. h4 $1 Bxh4 41. Rh1 Bg5 42. Ne6 $1 Rxe6 (42... Qd2 43.
Rxh6+ $1 Bxh6 44. Qf6+ Kg8 45. Qg6+ $18) (42... Kg8 43. Nxg5 hxg5 44. Qf6 $18)
43. Qf8+ Kh7 44. Qf7+ Kh8 45. Qxe6 Qb7+ 46. f3 Qb2+ 47. Kg3 Kg7 48. Qd7+ Kf6
49. Qxc7 (49. Re1 $4 Bh4+ $19) 49... Qd2 50. Qd8+ Kg6 51. Qg8+ Kf6 52. Qf8+ Kg6
53. Qf5+ Kg7 54. Rb1 1-0

[Event "YUG-chT"]
[Site "Tivat"]
[Date "1995.??.??"]
[Round "8"]
[White "Todorovic, Goran M"]
[Black "Damljanovic, Branko"]
[Result "1/2-1/2"]
[WhiteElo "2465"]
[BlackElo "2555"]
[Annotator "Belov,I"]
[PlyCount "157"]
[EventDate "1995.??.??"]
[EventType "team-swiss"]
[EventRounds "11"]
[EventCountry "YUG"]
[SourceTitle "CBM 048 Extra"]
[Source "ChessBase"]
[SourceDate "1995.11.01"]
[SourceVersion "1"]
[SourceVersionDate "1995.11.01"]
[SourceQuality "1"]

1. e4 g6 2. d4 Bg7 3. Nc3 d6 4. Bg5 h6 (4... Nf6 5. Qd2 h6 (5... c6 $5) 6. Be3
(6. Bf4 Nbd7 7. O-O-O g5 8. Be3 Ng4 9. h4 $36 {Polgar,J-Smirin,I/Groningen PCA/
1993/}) (6. Bh4 g5 7. Bg3 Nh5 8. O-O-O Nd7 9. Nge2 {[Tiviakov,S-Smirin,I/Wijk/
1994/0:1/54/]} c5 {Stohl/}) 6... Ng4 7. Bf4 e5 8. dxe5 Nxe5 9. O-O-O Nbc6 10.
Nd5 Be6 11. h3 Rb8 12. Be3 b5 $13 {Lugovoi,A-Sakaev,K/St-Peterburg op/1995/0,5/
26/}) (4... c6 5. Qd2 b5 6. f4 Nd7 7. Nf3 Nb6 8. Bd3 $14) 5. Be3 (5. Bh4 Nf6 6.
Be2 c5 7. e5 Nh5 8. dxc5 Nf4 9. Bg3 dxe5 10. Qxd8+ Kxd8 11. O-O-O+ Bd7 12. Bf3
Nc6 $13 {Unzicker,W-Botvinnik,M/Moscow/1956/0,5/20/}) 5... Nf6 6. h3 c6 7. Nf3
Qc7 (7... b5 8. e5 $14) 8. a4 Nbd7 9. Be2 b6 $5 (9... O-O 10. Qd2 Kh7 11. O-O
e5 12. Rfd1 $14) 10. O-O O-O 11. Nd2 (11. Qd2 Kh7 12. Rfd1 $14) 11... e5 12.
dxe5 dxe5 13. Nc4 Ba6 $1 (13... Rd8 14. Qd6 Qxd6 15. Nxd6 Bf8 16. Nxc8 Rdxc8
17. a5 $16) 14. Qd2 (14. Qd6 Qc8 15. Rfd1 Rd8 $13) 14... Rad8 $1 15. Bxh6 (15.
Qc1 Kh7 $10) 15... Nc5 16. Qe3 Bxc4 17. Bxc4 Rd4 18. b3 (18. Bd3 Nxd3 19. cxd3
Bxh6 20. Qxh6 Rxd3 $10) (18. Bxg7 Kxg7 19. Bd3 Nxd3 20. cxd3 Rfd8 21. Rad1 Qd6
$10) 18... Ncxe4 19. Bxg7 Kxg7 20. Nxe4 Rxe4 21. Qc3 Qd6 22. Rad1 Qc5 (22...
Rd4 $5) 23. Qf3 b5 24. axb5 cxb5 25. Bd3 Rb4 (25... Rd4 26. Qb7 $132) 26. Rfe1
a5 $15 27. Qe3 Qxe3 28. Rxe3 e4 29. Be2 Rc8 30. Rd2 Rc5 31. f3 (31. Bd1 Nd5 32.
Re1 Nc3 $17) 31... a4 32. bxa4 bxa4 33. fxe4 Nxe4 34. Rd7 Rxc2 $17 35. Ra7 Rc3
36. Rxc3 Nxc3 37. Bg4 Kf8 (37... Rb2 38. Be6) (37... Kf6 $5) 38. Bd7 Rd4 39.
Kh2 Rc4 40. Kh1 Rb4 41. Kh2 g5 42. Bc6 Rf4 43. Bd7 Rd4 (43... Kg7 44. Bc6 (44.
g3 Rf6 45. Kg2 (45. Bxa4 Rf2+ 46. Kg1 Ra2 $19) 45... Rd6 46. Be8 $10) 44... Kg6
$17) 44. Bc6 f5 $6 45. Ra5 f4 (45... Rf4 46. g3 Rf2+ 47. Kg1) 46. Rc5 $1 (46.
Rxg5 $2 a3 47. Ra5 a2 $19) 46... Nd1 (46... Rd3 $142) 47. Rxg5 a3 48. Ra5 $10
Rd3 49. Bf3 Ne3 (49... Nf2 50. h4 Rc3 51. h5 Rc1 52. g4 fxg3+ 53. Kxg3 $14) 50.
h4 Rc3 51. h5 Nf1+ 52. Kh3 Nd2 53. Kg4 Nxf3 54. gxf3 Kg7 55. Kxf4 $14 Kh6 56.
Kg4 Rc4+ 57. f4 Rc3 58. Ra6+ Kg7 59. Kf5 (59. Kg5 Rg3+ 60. Kf5 Rb3) 59... Rb3 (
59... Rc5+ 60. Ke6 (60. Kg4 Rc3) 60... Rxh5 61. Rxa3 Rh1 $10) 60. Kg5 Rg3+ 61.
Kf5 Rb3 62. Kg4 Rc3 63. f5 Rb3 64. Kf4 Rc3 65. h6+ Kh7 66. Ke5 Rb3 67. Kd4 Rf3
68. Ke4 Rc3 69. Kf4 Rd3 70. Kg5 Rg3+ (70... Rc3 $2 71. Ra7+ Kh8 72. Kg6 Rg3+
73. Kf7 $18) 71. Kf6 Kxh6 72. Kf7+ Kh7 73. f6 Re3 74. Kf8 Rb3 75. f7 a2 76.
Rxa2 Rb8+ 77. Ke7 Rb7+ 78. Ke6 Rb6+ 79. Ke7 1/2-1/2

[Event "Olympiad-32"]
[Site "Yerevan"]
[Date "1996.09.24"]
[Round "8.3"]
[White "Rytshagov, Mikhail"]
[Black "Chernin, Alexander"]
[Result "0-1"]
[WhiteElo "2495"]
[BlackElo "2620"]
[Annotator "Belov,I"]
[PlyCount "80"]
[EventDate "1996.09.15"]
[EventType "team-swiss"]
[EventRounds "14"]
[EventCountry "ARM"]
[SourceTitle "CBM 055"]
[Source "ChessBase"]
[SourceDate "1996.12.01"]
[SourceVersion "1"]
[SourceVersionDate "1996.12.01"]
[SourceQuality "1"]
[WhiteTeam "Estonia"]
[BlackTeam "Hungary"]
[WhiteTeamCountry "EST"]
[BlackTeamCountry "HUN"]

1. e4 d6 2. d4 Nf6 3. Nc3 g6 4. Nf3 Bg7 5. Be2 O-O 6. O-O Bg4 7. Be3 Nc6 8. d5
Nb8 {Chernin/} (8... Bxf3 9. Bxf3 Ne5 10. Be2 c6 $14) 9. Re1 $5 {Blatny/} (9.
a4 a5 10. Nd2 Bxe2 11. Qxe2 c6 12. Nc4 Nfd7 13. Rad1 Ne5 14. Nxe5 Bxe5 15. Bd4
Bxd4 16. Rxd4 Nd7 17. Rd3 Qb6 $10 {Sutovskij,E-Chernin,A/Rishon le Zion/1994/0:
1/34/}) (9. Nd4 Bxe2 10. Qxe2 c5 11. Nf3 Qb6 12. Rab1 Qa6 13. Qd2 Ng4 14. Bg5
Re8 15. Qf4 Ne5 16. Nxe5 Bxe5 17. Qh4 Qc4 $1 $132 {Chatalbashev,B-Popchev,M/
Cacak/1991/}) (9. Qd2 c6 10. Rad1 Qa5 11. a3 Rc8 12. b4 Qc7 13. Bd4 Nbd7 14.
Rfe1 a5 $132 {Blatny,P-Chernin,A/Pardubice/1993/0,5/31/}) 9... c6 10. Qd2 Qc7
11. Rad1 Nbd7 12. Bh6 (12. Nd4 $5 Bxe2 13. Qxe2) 12... Bxf3 13. Bxf3 Bxh6 14.
Qxh6 a6 $10 15. Qd2 Rfe8 (15... cxd5 16. exd5 Ne5 17. Be2 b5 $5 18. f4 Ned7 19.
Bf3 Nb6 $132) 16. dxc6 (16. Be2 cxd5 17. exd5 b5 18. a3 Nb6 $15) 16... bxc6 17.
b3 Red8 18. Be2 Nf8 19. Bd3 (19. f4 e5 20. Bc4 (20. Bf3 Ne6 21. fxe5 dxe5 22.
Qe3 Nd4 $17) 20... Qb6+ 21. Kh1 Ng4 22. Re2 exf4 23. Qxf4 Ne5 $15) 19... e5 $1
20. Bc4 Kg7 21. Re3 Ne6 22. Rd3 $2 (22. Ne2 $2 d5 $19) (22. Bxe6 fxe6 $10)
22... Nc5 $1 23. Rh3 (23. Rxd6 Nfxe4 24. Nxe4 Nxe4 25. Rxd8 Nxd2 26. Rxa8 Nxc4
27. bxc4 Qa5 $17) 23... h5 $17 24. Qe2 a5 25. Rf3 Rd7 26. h3 Rad8 27. Qe3 Ne8
28. Qc1 Rb8 29. Re3 Nf6 30. Ree1 Rbd8 31. Qe3 Qa7 32. Qg3 Qb6 33. a3 (33. Bf1
$32) 33... d5 34. exd5 cxd5 35. Bb5 Re7 36. Bf1 (36. Rxe5 Nce4 (36... h4 37.
Qf4 Nh5 38. Qg5) 37. Nxe4 (37. Qf4 Nxc3 38. Rxe7 Nxd1 $19) 37... Nxe4 38. Qf4
Nxf2 $1 39. Kf1 (39. Kh2 Qc7 (39... Nxd1 40. Rxe7 Qf6 $13) 40. Rde1 Ne4 $19 41.
R5xe4 Qxf4+ 42. Rxf4 Rxe1) 39... Qxb5+ $19) 36... d4 $19 37. Nb1 Nce4 38. Qd3
Nc5 39. Qg3 Qc7 40. Nd2 Nd5 {T} 0-1